000
00251nam a22001217a 4500
008
171228b xxu||||| |||| 00| 0 eng d
041
_a
eng
080
_a
371
100
_a
46
101
_a
EDU
245
_a
Graphic Languages
_c
Nake
942
_2
udc
_c
BK
999
_c
39518
_d
39518